000 00639nam a22002057a 4500
003 UA-OsUOA
001 12452
007 ta
008 20050523b un ||||| |||| 00| 0 ukr d
100 _aБелоусова І.
942 _cSA
040 _aUA-OsUOA
_bukr
_cUA-OsUOA
_dUA-OsUOA
245 _aРоль управлінського обліку в підвищенні ефективності виробництва
300 _aС.44-48
955 _a0
041 _aukr
044 _aUA
773 0 _w0
_tБухгалтерський облік і аудит
_dК.
_d2005
_gN4
650 7 _aБухгалтерський облік
_2UDC
999 _c298613
_d298613